MDQL
is popping MORE tags! Check the
thread
!
Quizzes
Events
Quiz Creation
Community
Videos
Private Events
Remove Ads
Sign In
Join for FREE
Feedback
Dark Mode
Quiz Categories
Sports
Geography
Music
Movies
Television
Just For Fun
Miscellaneous
History
Literature
Language
Science
Gaming
Entertainment
Religion
Holiday
For Kids
Quiz Lab
Recent
Popular Today
Quiz Kudos Today
Editor Picks
Curator Picks
Quizzes by...
Day
Popularity
Type
Ratings
Length
Year
Community
Subscriptions
Recent Discussions
Orange Saloon
Badges
Playlists
Quests
Create
Leaderboards
Showdown
Live 5
Trivia Bingo
Activity
Puzzle Library
Sporcle Events
Private Events
Virtual Trivia
Globe League
Become a Host
Pub Owners
SporcleCon
Opinionation
Our Games
Videos
Blog
Mobile Apps
Partnerships
Remove Ads and Go Orange
Feedback
Geography
Country
Landmarks
City
State
Population
World
Capital
Continent
Flags
Europe
Africa
Asia
South America
North America
Oceania
Border
Canada
United Kingdom
Topography
United States
Geography
Country
Landmarks
City
State
Population
World
Capital
Continent
Flags
Europe
Africa
Asia
South America
North America
Oceania
Border
Canada
United Kingdom
Topography
United States
Random Quiz
Search Sporcle
×
Quiz Lab
Quiz Lab
Geography
Europe Cities
Type answers that appear on an image
Type answers that appear on an image
Map
Best Score? Go Orange.
150 Largest Dutch Cities Stats
Can you name the 150 Largest Dutch Cities?
By
Kaucuk
15m
150 Questions
3,636 Plays
3,636 Plays
3,636 Plays
Comments
Comments
Give Quiz Kudos
Give Quiz Kudos
-
- Ratings
hide this ad
Replay
Link that replays current quiz
Next Quiz
Link to next quiz in quiz playlist
You Got
0%
They Got
Avg Score
51%
Avg Friend Score
Upgrade to see
Score Distribution
Jump to the score distribution portion of the page
Score
0/150
Timer
15:00
0
Plays Today
% Correct
Amsterdam
97%
Rotterdam
94.8%
's-Gravenhage
93.9%
Groningen
92.5%
Utrecht
91.4%
Eindhoven
90.4%
Maastricht
89.6%
Breda
86.5%
Nijmegen
85.2%
Haarlem
84.9%
Almere
84.7%
Almere-Haven
84.7%
Tilburg
84.6%
Arnhem
83.9%
's-Hertogenbosch
83.5%
Arnhem-zuid
83.2%
Enschede
82.9%
Alkmaar
82.5%
Zwolle
82.3%
Leeuwarden
81.8%
Zwolle-Stadshagen
81.6%
Venlo-Blerick-Tegelen
80.5%
Leiden
80.2%
Lelystad
77.7%
Middelburg
76.9%
Apeldoorn
76.4%
Almelo
75.4%
Den Helder
75%
Dordrecht
74.5%
Amersfoort
74.2%
Heerenveen
73.7%
Emmen
72.5%
Assen
72.4%
Gouda
71%
Hengelo
70.1%
Hengelo-noord
70.1%
Vlissingen-Oost-Souburg
69.5%
Edam-Volendam
68.8%
Hilversum
68.6%
Sittard-Munstergeleen
67.3%
Deventer
66.9%
Roosendaal
65.6%
Sneek
65.4%
Roermond-Herten-Merum
65.3%
Hoorn
64.8%
Bergen op Zoom
64.8%
Oss
64.3%
Heerlen
63%
Kerkrade
62.8%
Ede
62.6%
% Correct
Goes-Kloetinge
61.3%
Urk
61.1%
Helmond
59.3%
Zoetermeer
58.8%
Doetinchem
58.7%
Terneuzen
57.3%
Harderwijk
56.4%
Alphen aan den Rijn
56.3%
IJmuiden
55.8%
Purmerend
55.8%
Waalwijk
55.6%
Drachten
54.8%
Kampen
53.7%
Hoofddorp
53.3%
Emmeloord
52.9%
Geleen
52.3%
Zutphen-Warnsveld
51.4%
Meppel
51.3%
Wageningen
50.5%
Weert-Boshoven
50.3%
Dronten
50.1%
Zeist
49.5%
Venray
49%
Hoogeveen
48.9%
Winterswijk
47.3%
Heerhugowaard-Scharwoude-Broek op Langedijk
47.1%
Nieuwegein
46.4%
Veenendaal
46.2%
Tiel
45.8%
Soest
45.8%
Veendam-Wildervank
45.6%
Gorinchem
44.8%
Bussum
44.3%
Noordwijk
43.6%
Woerden
43.4%
Spijkenisse
42.9%
Oldenzaal
42%
Huizen
41.3%
Barendrecht
41%
Uden-Volkel
40.5%
Stadskanaal
40.3%
Best
39.1%
Ermelo
39.1%
Zeewolde
38.7%
Barneveld
38.6%
Schagen
38%
Castricum
38%
Oosterhout
37.8%
Nijkerk
37.7%
Houten
37%
% Correct
Hardenberg
37%
Winschoten
36.3%
Hoogezand-Sappemeer
36.2%
Baarn
35.7%
Nunspeet
35.6%
Etten-Leur
35.6%
Steenwijk
34.9%
Boxtel
34.7%
Wijchen
34.2%
Wassenaar
34.2%
Maassluis
33.5%
Ridderkerk
33.4%
Duiven
33.4%
Veghel
33.2%
Culemborg
33.2%
Bunschoten-Spakenburg
33.2%
Valkenswaard
32.6%
Zevenaar
32.2%
Lisse-Lisserbroek
32%
De Bilt-Bilthoven
31.7%
Hellevoetsluis
31.4%
Sliedrecht
31.2%
Elst
30.9%
Naaldwijk-Honselersdijk
29.9%
IJsselstein
29.3%
Deurne
29.2%
Oisterwijk
29%
Heiloo
28.8%
Kaatsheuvel-Vrijhoeve
28.7%
Rijssen
28.5%
Haaksbergen
27.8%
Borne
26.3%
Leusden
24.2%
Pijnacker
24.2%
Waddinxveen
24.1%
Schijndel-Wijbosch
24.1%
Nuenen
23.9%
Berkel en Rodenrijs-Bergschenhoek
23.5%
Nieuw-Vennep
23.4%
Hillegom-Beinsdorp
22.9%
Stede Broec
22.4%
Uithoorn
22%
Dongen
21.6%
Mijdrecht-Wilnis
20.9%
Geertruidenberg-Raamsdonksveer
20.7%
Alblasserdam
20.5%
Hoogvliet
19.8%
Oud-Beijerland
19.1%
NIeuwerkerk aan den IJssel
17.9%
Velserbroek-Santpoort-noord
17.1%
Quiz Playlist
Details
Report
Send in Message
Add To Playlist
Map:
Type answers that appear on an image
Last Updated: Sep 7, 2017
Quiz Scoreboard
CHALLENGE
Sign Up to Join the Scoreboard
Show All
Scores
Hide
Comments
May contain spoilers
Recently Published
Street Fighter Characters
by Artimus82
Gaming
60s
9x9 Crossword: Cartoon Network
by jackfrog10
Miscellaneous
3m
College Basketball Coaching Resumes
by pancakes188
Sports
9m
More to Explore
Quiz From the Vault
Featured Blog Post
Where Did the Easter Bunny Come From?
hide this ad
You Might Also Like...
Tags
150
Europe Cities
holland
map
Netherlands
Today's Top Quizzes in Geography
Browse Geography
hide this ad
Today's Top Quizzes in Europe Cities
Browse Europe Cities
Top Contributed Quizzes in Geography
1
Countries of the World - No Outlines Minefield
2
Top 25 Cities of France on a map
3
Any capital of a 'B' country per Continent
4
Any capital of a 'C' country per Continent
5
Closest Countries to UK A-Z
6
Any capital of a 'D' country per Continent
7
5-to-1: US Geography No Hints
8
Any capital of an 'E' country per Continent
9
Find the US States - No Outlines
10
Any capital of an 'F' country per Continent
Explore More
Trending Topics
NBA
Marvel
Kpop
Harry Potter
Anime
Crossword
Disney
NFL
Puzzle
Pokémon
Song
Country
WWE
The Office
Soccer
hide this ad
More By:
Kaucuk
Quiz
Plays
Rating
Category
Featured
Created
300 Largest French Cities
14,596
4.79
Geography
Feb 21, 2017
300 Largest Spanish Cities
5,614
4.67
Geography
Aug 1, 2017
100 Largest Croatian Cities
5,031
5.00
Geography
Feb 14, 2017
150 Largest Dutch Cities
3,636
3.13
Geography
Mar 2, 2017
100 Largest Bosnian Cities
3,587
5.00
Geography
Feb 24, 2017
Go to Creator's Profile
Score Distribution
Quiz Creator Spotlight
Kaucuk
Follow
Send a Message
Quizzes Created
-
Created Quiz Play Count
-
More By This Creator
Popular Quizzes Today
1
Find the US States - No Outlines Minefield
2
Find the Countries of Europe - No Outlines Minefield
3
The Countries of the World
4
Find the US States
5
Risky Map Clicking: Biggest States A-Z
6
US States
7
Popular People in 1961
8
Movies - When Are They Set?
More Geography Quizzes
Higher Population: French Cities
Quiz Lab
Trending Quizzes
Risky Map Clicking: Least Populous States A-Z
1-10 Letter G Words
Risky Map Clicking: Next State Alphabetically
Adjectives in 80s TV Shows
The Seven Year Switch: Catherine
Recently Updated
Leaping Animals
pecheneg
Reality TV Shows (A-Z)
bhenderson79
Rickey Henderson's Hall of Fame Teammates
pecheneg
Champions League XIs: Arsenal
pecheneg
Quick Pick: Celebrities in WWE's Hall of Fame
aduchscher
A-Z Keypad Blitz II
pecheneg
Multiple Oscar Actors
pecheneg
Mystery Phrase Blitz: Oscar 'Best Actors'
pecheneg
F. Scott Fitzgerald Novels
LTH
Pick 3 Villains
ddd62291
Trending Topics
Anime
Disney
NBA
Marvel
Harry Potter
Crossword
Kpop
Pokémon
Puzzle
The Office
NFL
Song
Country
Soccer
WWE
Your Account Isn't Verified!
In order to create a playlist on Sporcle, you need to verify the email address you used during registration. Go to your
Sporcle Settings
to finish the process.
Report this User
Report this user for behavior that violates our
Community Guidelines
.
Details:
Send Report
Go to the Sporcle.com Mobile Site →
Comments